Structural repair of traditional buildings. (Record no. 100027)

MARC details
000 -LEADER
fixed length control field 00918cam a2200205 4500
008 - FIXED-LENGTH DATA ELEMENTS--GENERAL INFORMATION
fixed length control field 000000n1999 000 0 eng u
020 ## - INTERNATIONAL STANDARD BOOK NUMBER
International Standard Book Number 1873394403
035 ## - SYSTEM CONTROL NUMBER
System control number (Sirsi) u101165
041 ## - LANGUAGE CODE
Language code of text/sound track or separate title eng
050 ## - LIBRARY OF CONGRESS CALL NUMBER
Classification number 690.231
100 ## - MAIN ENTRY--PERSONAL NAME
Personal name Robson, Patrick
245 ## - TITLE STATEMENT
Title Structural repair of traditional buildings.
260 ## - PUBLICATION, DISTRIBUTION, ETC.
Place of publication, distribution, etc. Shaftesbury
Name of publisher, distributor, etc. Donhead Publishing
Date of publication, distribution, etc. 1999
300 ## - PHYSICAL DESCRIPTION
Extent viii,312p. ; 25cm.
350 ## - PRICE (NR) (BK AM CF MU VM SE) [OBSOLETE]
Price 37.00
520 ## - SUMMARY, ETC.
Summary, etc. The structural repair of traditional buildings depends on the technical skills of construction professionals to appreciate the extent of the problem and decide wheteher intervention may be required. This book highlights the differences in approach between new design and repair, and it emphasizes the need to diagnose the cause of damage accurately, by considering all options before specifying a remedy.
650 ## - SUBJECT ADDED ENTRY--TOPICAL TERM
Topical term or geographic name entry element CONSERVATION
690 ## - LOCAL SUBJECT ADDED ENTRY--TOPICAL TERM (OCLC, RLIN)
Topical term or geographic name as entry element BUILT ENVIRONMENT
942 ## - ADDED ENTRY ELEMENTS (KOHA)
Suppress in OPAC 0
Holdings
Withdrawn status Lost status Source of classification or shelving scheme Damaged status Not for loan Home library Current library Shelving location Date acquired Total Checkouts Full call number Barcode Date last seen Date last checked out Copy number Price effective from Koha item type
    Dewey Decimal Classification     London London Books 02/11/1999 33 690.231 ROB 30060056 06/08/2019 30/11/2009 1 06/08/2019 Book